| 000 | 00778nam a2200229Ia 4500 | ||
|---|---|---|---|
| 008 | 130821s1996 ck gr spa | ||
| 020 | _a9589329187 | ||
| 040 |
_aCo-BoUCM _bspa |
||
| 041 | 0 | 0 | _aspa |
| 100 | 1 |
_aSandoval Casilimas, Carlos A _9161318 |
|
| 245 | 0 | 0 | _aInvestigación cualitativa |
| 260 |
_aBogotá (Colombia) _bIcfes _c1996 |
||
| 300 | _a433 páginas | ||
| 490 |
_aEspcialización en teoría, métodos y técnicas de investigación social _v4. |
||
| 504 | _aIncluye bibliografía. | ||
| 650 | 0 | 4 |
_aCiencias sociales _xInvestigaciones _933592 |
| 650 | 0 | 4 |
_aInvestigación científica _917977 |
| 650 | 0 | 4 |
_aInvestigación social _918009 |
| 650 | 0 | 4 |
_aMetodología _919433 |
| 942 |
_cLIBRO _a5 _e1 _mS218i _2DEWEY _h300.72 |
||
| 999 |
_c42810 _d42810 |
||